000 01272nam a2200301 i 4500
001 102533
003 ES-MaACL
005 20250827062616.0
007 t|
008 051117m19571958sp l |||| | spa d
110 1 _aEspaña
_93622
243 1 0 _aLeyes, etc., de administración pública
245 1 0 _aLeyes administrativas de España /
_cpor León Medina y Manuel Marañon.
250 _aNovísima ed.
_bsistematizada y puesta al día por José Gascón y Marín... ; José Mª Fabregas del Pilar y Díaz de Ceballos... ; Eugenio Perez Botija.
260 _aMadrid :
_bReus,
_c1957-1958.
300 _a2 v. ;
_c18 cm.
650 7 _aDerecho administrativo-
_zEspaña
_2
_9145992
655 0 _aLegislación
_9226283
700 1 _aMedina, León.
_979703
700 1 _aMarañón, Manuel.
_976316
700 1 _aGascón y Marín, José.
_955866
852 _aES-MaACL
_jA-5445-46
_xExpurgado en 2022: ejemplar deteriorado ;
852 _aES-MaACL
_jG-16146
_xOlim: A-5377
_xOlim: L 351.95 (460) "1957/1958" ESP
_bR.91610
_cDEPO2
_9106366
_pt.1
852 _aES-MaACL
_jG-16147
_bR.91610
_cDEPO2
_dOlim: A-5378
_dOlim: L 351.95 (460) "1957/1958" ESP
_9201334
_pt.2
942 _2udc
_cMONOGRAFIA
999 _c102533
_d102533